Statistiche per Podi italiani ai Giochi Olimpici di Atene 2004

Clicka qui per fare il quiz!

Statistiche generali

  • Questo quiz è stato fatto 16 volte
  • Il punteggio medio è 19 su 44

Statistiche sulle risposte

MetalloSportSpecialitàM/FNome% Corretto
OroSchermaSciabola individualeMAldo Montano
94%
ArgentoSchermaSciabola a squadreMAldo Montano
94%
OroSchermaFioretto individualeFValentina Vezzali
88%
BronzoGinnastica artisticaAnelliMJury Chechi
81%
OroAtletica leggeraMaratonaMStefano Baldini
81%
ArgentoCanoa/KayakK2 1000 mMAntonio Rossi
75%
OroGinnastica artisticaSbarraMIgor Cassina
75%
BronzoNuoto4x200 m stile liberoMMassimiliano Rosolino
75%
ArgentoNuoto200 m stile liberoFFederica Pellegrini
69%
BronzoAtletica leggeraSalto con l'astaMGiuseppe Gibilisco
69%
OroPallanuotoTorneoFItalia
69%
OroCiclismoCorsa in lineaMPaolo Bettini
69%
BronzoVelaClasse MistralFAlessandra Sensini
63%
BronzoNuoto4x200 m stile liberoMFilippo Magnini
63%
ArgentoSchermaFioretto individualeFGiovanna Trillini
63%
BronzoPugilatoPesi supermassimiMRoberto Cammarelle
63%
BronzoSchermaFioretto individualeMAndrea Cassarà
56%
OroSchermaFioretto a squadreMAndrea Cassarà
56%
OroAtletica leggera20 km marciaMIvano Brugnetti
50%
ArgentoCanoa/KayakK1 500 mFJosefa Idem
50%
OroTiro con l'arcoIndividualeMMarco Galiazzo
50%
ArgentoCanoa/KayakK2 1000 mMBeniamino Bonomi
44%
BronzoNuoto4x200 m stile liberoMEmiliano Brembilla
38%
ArgentoSchermaFioretto individualeMSalvatore Sanzo
38%
OroSchermaFioretto a squadreMSalvatore Sanzo
38%
OroTiro a voloSkeetMAndrea Benelli
31%
ArgentoTiro a voloFossa olimpicaMGiovanni Pellielo
31%
ArgentoSchermaSciabola a squadreMLuigi Tarantino
25%
BronzoCanottaggio2 di coppiaMAlessio Sartori
19%
ArgentoTiro a segnoFucile 50 m - tre posizioniFValentina Turisini
19%
BronzoNuoto4x200 m stile liberoMFederico Cappellazzo
13%
ArgentoSchermaSciabola a squadreMGiampiero Pastore
13%
BronzoCanottaggio4 senzaMLorenzo Porzio
13%
BronzoCanottaggio4 senza pesi leggeriMLuca Agamennoni
13%
BronzoCanottaggio4 senzaMLuca Agamennoni
13%
BronzoNuoto4x200 m stile liberoMMatteo Pelliciari
13%
BronzoCanottaggio4 senzaMRaffaello Leonardo
13%
BronzoCanottaggio4 senza pesi leggeriMSalvatore Amitrano
13%
OroSchermaFioretto a squadreMSimone Vanni
13%
BronzoNuoto4x200 m stile liberoMSimore Cercato
13%
BronzoCanottaggio4 senza pesi leggeriMBruno Mascarenhas
6%
BronzoCanottaggio4 senzaMDario Dentale
6%
BronzoCanottaggio4 senza pesi leggeriMLorenzo Bertini
6%
BronzoCanottaggio2 di coppiaMRossano Galtarossa
6%

Distribuzione punteggi

Percentile per numero di risposta

Percentuale di utenti per punteggio

I tuoi punteggi nel tempo

Non hai fatto questo quiz